000 00194 a2200097 4500
001 3215
100 _aAzad, A.K
245 _aIndia wins freedon
260 _a
_bLongman
_c
090 _c2495
_d2495
942 _aNUST-CAE
_cM
_c16613
999 _c238288
_d238288